000 00202 a2200097 4500
001 12939
100 _aBanno Quddosa
245 _aLuggen Apni Apni
260 _a
_bSange e meel
_c
090 _c9930
_d9930
942 _aNUST-CAE
_cM
_c36856
999 _c248012
_d248012